Jazdectvo

Bibliographic Details
Main Authors: Halo, Marko, 1967- (Author), Maršálek, Miroslav, 1955- (Author), Jackowski, Maciej (Author)
Format: Book
Language:Slovak
PhysicalDescription:117 s. ilustr., sch. 29 cm
Published: Nitra Slovenská poľnohospodárska univerzita 2005
ISBN:8080695733
Edition:1. vyd.
Subjects:

MARC

LEADER 00000nam a2200000 a 4500
001 vtls008303198
003 SK-MaSNL
005 20260302074208.0
008 240318s2005 xo al d p 000 0 slo
015 |a SNBA2005/12-05192 
020 |a 8080695733  |q (brož.) 
035 |a 64A66D40-43B3-43FE-BB40-DC7B39AB27EB 
035 |a urn:nbn:sk:snk-amluxk 
035 |a urn:nbn:sk:snk-am00ccq1 
040 |a SNK  |b slo  |c SNK  |e AACR2 
041 0 |a slo 
044 |a xo  |c SK 
072 7 |a 798  |x Jazdectvo. Závody so záprahom. Športy s koňmi a inými zvieratami  |2 konspekt 
080 |a 636.1.046.2  |2 1997 
080 |a (075.8)  |2 1997 
080 |a 798.2/.66  |2 1997 
100 1 |a Halo, Marko,  |d 1967-  |4 aut  |9 189050 
245 1 0 |a Jazdectvo  |c M. Halo, M. Maršálek, M. Jackowski 
250 |a 1. vyd. 
260 |a Nitra  |b Slovenská poľnohospodárska univerzita  |c 2005 
300 |a 117 s.  |b ilustr., sch.  |c 29 cm 
504 |a Bibliogr. s. 116-117 
506 |a 100 výtl. 
650 0 7 |a jazdectvo  |2 SNKPH  |9 3225 
650 0 7 |a jazdecké kone  |2 SNKPH  |9 2807 
655 7 |a učebnice vysokých škôl  |2 SNKPH  |9 70191 
700 1 |a Maršálek, Miroslav,  |d 1955-  |4 aut  |9 258915 
700 1 |a Jackowski, Maciej  |4 aut  |9 739516 
919 |a 80-8069-573-3 
958 |a OND 
968 |d 793/799 
999 |c 1164072  |d 1166002 
952 |a SNK  |b SNK  |y PREZ  |7 0  |p 17A0485810  |o snkSB 71127  |i snk2005/17136  |8 0  |0 0  |1 0  |4 0  |d 2005-10-17  |f 1  |l 0  |r 2025-04-23 00:00:00  |w 2026-02-24 
952 |a SNK  |b SNK  |y VYP  |7 0  |p 17A0485811  |o snkSB 71127 D1  |i snk2005/17137  |8 0  |0 0  |1 0  |4 0  |d 2005-10-17  |l 0  |r 2016-06-30 00:00:00  |w 2026-02-24